Archaeology with art /
The result of a 2013 Theoretical Archaeology Group (TAG) conference session, this work aims to merge the perspectives of artists and archaeologists on making art. It explores the relationship between archaeology and art practice, the interactions between materials and practitioners, and the processe...
مؤلفون آخرون: ,
التنسيق: كتاب الكتروني
اللغة: English
منشور في:
Oxford :
Archaeopress Publishing Ltd,
[2016]
سلاسل:
Archaeopress archaeology.
الموضوعات:
الوصول للمادة أونلاين: Login to view Source
الوسوم: إضافة وسم
رقم الطلب: N8217
| LEADER | 01897nam a2200421 i 4500 | ||
|---|---|---|---|
| 001 | EDZ0001647791 | ||
| 003 | StDuBDS | ||
| 005 | 20230412181846.0 | ||
| 006 | m|||||o||d|||||||| | ||
| 007 | cr ||||||||||| | ||
| 008 | 161212t20162016enka fob 000|0|eng|d | ||
| 020 | |a 9781784914936 (ebook) : |c No price | ||
| 040 | |a StDuBDS |b eng |c StDuBDS |e rda |e pn | ||
| 050 | 4 | |a N8217 | |
| 082 | 0 | 4 | |a 700.458301 |2 23 |
| 245 | 0 | 0 | |a Archaeology with art / |c edited by Helen Chittock, Joana Valdez-Tullett. |
| 264 | 1 | |a Oxford : |b Archaeopress Publishing Ltd, |c [2016] | |
| 264 | 4 | |c ©2016 | |
| 300 | |a 1 online resource : |b illustrations (black and white, and colour). | ||
| 336 | |a text |2 rdacontent | ||
| 336 | |a still image |2 rdacontent | ||
| 337 | |a computer |2 rdamedia | ||
| 338 | |a online resource |2 rdacarrier | ||
| 490 | 1 | |a Archaeopress archaeology | |
| 500 | |a Previously issued in print: 2016. | ||
| 504 | |a Includes bibliographical references. | ||
| 520 | 8 | |a The result of a 2013 Theoretical Archaeology Group (TAG) conference session, this work aims to merge the perspectives of artists and archaeologists on making art. It explores the relationship between archaeology and art practice, the interactions between materials and practitioners, and the processes that result in the objects and images we call 'art'. | |
| 521 | |a Specialized. | ||
| 588 | |a Description based on online resource; title from home page (viewed on March 6, 2017). | ||
| 650 | 0 | |a Archaeology in art. | |
| 700 | 1 | |a Chittock, Helen, |e editor. | |
| 700 | 1 | |a Valdez-Tullett, Joana, |e editor. | |
| 776 | 0 | 8 | |i Print version : |z 9781784914929 |
| 830 | 0 | |a Archaeopress archaeology. | |
| 856 | 4 | 0 | |3 Archaeopress |u http://library.arce.org:8087/Archaeopress/Products/9781784914929 |
| 942 | |2 lcc |c EBOOK | ||
| 952 | |0 0 |1 0 |4 0 |6 N8217 |7 1 |9 46222 |a ARCH |b ARCH |d 2023-04-12 |l 0 |o N8217 |r 2023-04-12 00:00:00 |w 2023-04-12 |y EBOOK | ||
| 999 | |c 51880 |d 51880 | ||
